000 00613cab a2200229 4500
001 X2362
008 090401t1995 xxu||||| |||| 00| 0 eng d
035 _a(Sirsi) u23641
041 _aeng
245 _aManagement board
260 _c1995
350 _a0
490 _aCSM (Chartered Surveyor Monthly)
_v4(7) May 1995, 58-59(2)
650 _a25TH ANNIVERSARY
650 _aANNUAL GENERAL MEEETING
650 _aHONG KONG
650 _aRECRUITMENT
650 _aSOCIETY OF SURVEYING TECHNICIANS
690 _aMANAGEMENT-BUSINESS MANAGEMENT-PROFESSIONAL PRACTICE
942 _n0
948 _c04/03/1997
999 _c15818
_d15818